| 000 | 00360nam a2200133Ia 4500 | ||
|---|---|---|---|
| 005 | 20260328104336.0 | ||
| 008 | 260328s9999||||xx |||||||||||||| ||und|| | ||
| 100 | _aDrexler, Arthur | ||
| 245 | 0 |
_aCharles Eames : _b furniture from the Design collection / _cArthur Drexler |
|
| 260 | _bMuseum of Modern Art | ||
| 300 | _a55 p. | ||
| 650 | _aSillas | ||
| 942 | _cBK | ||
| 999 |
_c11926 _d11926 |
||